<?xml version="1.0" encoding="UTF-8"?>
<record
    xmlns:xsi="http://www.w3.org/2001/XMLSchema-instance"
    xsi:schemaLocation="http://www.loc.gov/MARC21/slim http://www.loc.gov/standards/marcxml/schema/MARC21slim.xsd"
    xmlns="http://www.loc.gov/MARC21/slim">

  <leader>00620    a2200193   4500</leader>
  <datafield tag="952" ind1=" " ind2=" ">
    <subfield code="0">0</subfield>
    <subfield code="1">0</subfield>
    <subfield code="2">ddc</subfield>
    <subfield code="4">0</subfield>
    <subfield code="7">0</subfield>
    <subfield code="8">FOR</subfield>
    <subfield code="a">MES</subfield>
    <subfield code="b">MES</subfield>
    <subfield code="c">FOR </subfield>
    <subfield code="d">2021-12-27</subfield>
    <subfield code="e">35</subfield>
    <subfield code="g">697.00</subfield>
    <subfield code="l">22</subfield>
    <subfield code="m">34</subfield>
    <subfield code="o">614 RED/E</subfield>
    <subfield code="p">41323</subfield>
    <subfield code="q">2026-06-05</subfield>
    <subfield code="r">2026-04-24 10:34:38</subfield>
    <subfield code="s">2026-04-24</subfield>
    <subfield code="t">2</subfield>
    <subfield code="v">697.00</subfield>
    <subfield code="w">2021-12-27</subfield>
    <subfield code="y">BK</subfield>
    <subfield code="z">GL51R4</subfield>
  </datafield>
  <datafield tag="952" ind1=" " ind2=" ">
    <subfield code="0">0</subfield>
    <subfield code="1">0</subfield>
    <subfield code="2">ddc</subfield>
    <subfield code="4">0</subfield>
    <subfield code="7">0</subfield>
    <subfield code="8">FOR</subfield>
    <subfield code="a">MES</subfield>
    <subfield code="b">MES</subfield>
    <subfield code="c">FOR </subfield>
    <subfield code="d">2021-12-27</subfield>
    <subfield code="e">35</subfield>
    <subfield code="g">697.00</subfield>
    <subfield code="l">13</subfield>
    <subfield code="m">17</subfield>
    <subfield code="o">614 RED/E</subfield>
    <subfield code="p">41322</subfield>
    <subfield code="q">2026-06-15</subfield>
    <subfield code="r">2026-06-01 12:35:35</subfield>
    <subfield code="s">2026-06-01</subfield>
    <subfield code="t">1</subfield>
    <subfield code="v">697.00</subfield>
    <subfield code="w">2021-12-27</subfield>
    <subfield code="y">BK</subfield>
    <subfield code="z">GL51R4</subfield>
  </datafield>
  <datafield tag="999" ind1=" " ind2=" ">
    <subfield code="c">41371</subfield>
    <subfield code="d">41371</subfield>
  </datafield>
  <controlfield tag="003">OSt</controlfield>
  <controlfield tag="005">20211118113020.0</controlfield>
  <controlfield tag="008">211118b           ||||| |||| 00| 0 eng d</controlfield>
  <datafield tag="020" ind1=" " ind2=" ">
    <subfield code="a">9788352701032</subfield>
  </datafield>
  <datafield tag="040" ind1=" " ind2=" ">
    <subfield code="c">oclc</subfield>
  </datafield>
  <datafield tag="082" ind1=" " ind2=" ">
    <subfield code="a">614</subfield>
    <subfield code="b">RED/E</subfield>
  </datafield>
  <datafield tag="100" ind1=" " ind2=" ">
    <subfield code="9">8916</subfield>
    <subfield code="a">     Reddy, K. S. Narayan</subfield>
    <subfield code="c">Dr.</subfield>
  </datafield>
  <datafield tag="245" ind1=" " ind2=" ">
    <subfield code="a">The essentials of forensic medicine and toxicology /</subfield>
    <subfield code="c">Dr. K S narayan Reedy, Dr. O P Murty</subfield>
  </datafield>
  <datafield tag="250" ind1=" " ind2=" ">
    <subfield code="a">34th ed.</subfield>
  </datafield>
  <datafield tag="260" ind1=" " ind2=" ">
    <subfield code="a">New Delhi:</subfield>
    <subfield code="b">The health sciences publisher,</subfield>
    <subfield code="c">2017.</subfield>
  </datafield>
  <datafield tag="300" ind1=" " ind2=" ">
    <subfield code="a">639 pages</subfield>
  </datafield>
  <datafield tag="700" ind1=" " ind2=" ">
    <subfield code="9">8917</subfield>
    <subfield code="a">Murty,O P</subfield>
    <subfield code="c">Dr.</subfield>
  </datafield>
  <datafield tag="942" ind1=" " ind2=" ">
    <subfield code="2">ddc</subfield>
    <subfield code="c">BK</subfield>
    <subfield code="h">614</subfield>
    <subfield code="i">RED/E</subfield>
    <subfield code="k">614</subfield>
    <subfield code="m">RED/E</subfield>
  </datafield>
</record>
